000 00276nam a2200121Ia 4500
005 20251222143248.0
008 251222s9999||||xx |||||||||||||| ||spa||
082 _a760/I61
245 0 _aJoyas Reales de Sipán
250 _a1ra.ed.
264 _bGraph y Consult
942 _cLIB
999 _c14857
_d14857